ბათუმის შოთა რუსთაველის სახელმწიფო უნივერსიტეტის ბიბლიოთეკა

ნაპოლეონის მარშლები / (ბიბ.ჩანაწერი № 62116)

000 -ლიდერი
ფიქსირებული სიგრძის საკონტროლო ველი 01774nam a22002537a 4500
003 - საკონტროლო ნომრის იდენტიფიკატორი
საკონტროლო ველი Ge_BSU
005 - ბოლო ოპერაციის თარიღი და დრო
საკონტროლო ველი 20240716132754.0
008 - ფიქსირებული სიგრძის მონაცემთა ელემენტები - ზოგადი ინფორმაცია
ფიქსირებული სიგრძის საკონტროლო ველი 240716s2022 ge ||||| |||| 00| 0 geo d
020 ## - წიგნის საერთაშორისო სტანდარტული ნომერი
International Standard Book Number 9789941494703
041 ## - ენის კოდი
Language code of text/sound track or separate title geo
080 ## - უნივერსალური ათობითი კლასიფიკაციის ინდექსი
Universal Decimal Classification number 94(44)"1799-1814":355.093.3(44) მ-74
100 ## - მთავარი ჩანაწერი - პიროვნების სახელი
Personal name მიქაბერიძე, ალექსანდრე.
Relator term ავტორი.
9 (RLIN) 22832
245 ## - ცნობა სათაურის შესახებ
Title ნაპოლეონის მარშლები /
Statement of responsibility, etc ალექსანდრე მიქაბერიძე, ნიკა ხოფერია, ლევან მიქაბერიძე ; რედაქტორი ნინო დეკანოიძე ; გარეკანის დიზაინერი ილია ხელაია.
264 ## - წარმოების, გამოცემის, დისტრიბუციის და სხვა ცნობები
გამოცემის, წარმოების, დისტრიბუციის... ადგილი თბილისი :
გამოცემის, წარმოების, დისტრიბუციის... სახელწოდება არტანუჯი,
გამოცემის, წარმოების, დისტრიბუციის... თარიღი 2022.
300 ## - ფიზიკური აღწერა
Extent 680 გვ. :
Other physical details ილ. ;
Dimensions 22,5 სმ.
500 ## - ზოგადი შენიშვნა
General note ეძღვნება დიმიტრი ცისკარიშვილსა და გოგი დემეტრაძეს.
წიგნი გამოიცა კავკასიის უნივერსიტეტის დახმარებით.
504 ## - BIBLIOGRAPHY, ETC. NOTE
Bibliography, etc ბიბლიოგრაფია: გვ. 676-678.
653 ## - INDEX TERM--UNCONTROLLED
Uncontrolled term საფრანგეთის ისტორია
653 ## - INDEX TERM--UNCONTROLLED
Uncontrolled term ნაპოლეონ I, საფრანგეთის იმპერატორი, 1769-1821. საფრანგეთის მარშლები.
700 ## - ADDED ENTRY--PERSONAL NAME
Personal name ხოფერია, ნიკა
9 (RLIN) 22833
700 ## - ADDED ENTRY--PERSONAL NAME
Personal name მიქაბერიძე, ლევან
9 (RLIN) 22834
700 ## - ADDED ENTRY--PERSONAL NAME
Personal name დეკანოიძე, ნინო
Relator term რედაქტორი და სხვ.
9 (RLIN) 5297
942 ## - ADDED ENTRY ELEMENTS (KOHA)
Source of classification or shelving scheme
Koha item type წიგნი
ეგზემპლარები
ჩამოწერის სტატუსი დაკარგული ეგზემპლარის სტატუსი კლასიფიკაციის წყარო ან თაროზე გაწყობის სქემა დაზიანების სტატუსი არ გაიცემა მუდმივი მდებარეობა (დაცვის ადგილი) ამჟამინდელი ადგილსამყოფელი თაროზე განთავსების ადგილი შეძენის თარიღი ღირებულება, შესყიდვის ნორმალური ფასი სრული შენახვის შიფრი შტრიხკოდი ბოლო ოპერაციის თარიღი ეგზემპლარის მიმდევრობითი ნომერი (კეტერი?) ფასის ძალაში შესვლის თარიღი ეგზემპლარის სახეობა საჯარო შენიშვნა
          ბათუმის შოთა რუსთაველის სახელმწიფო უნივერსიტეტის მთავარი ბიბლიოთეკა ბათუმის შოთა რუსთაველის სახელმწიფო უნივერსიტეტის მთავარი ბიბლიოთეკა წიგნსაცავი 2024-07-16 34.00 94(44)"1799-1814": 355.093.3(44)მ-74 68757 2024-07-16 68757 2024-07-16 წიგნი 34ლ.95თ.